50 Famous People from Central America - Statistics

General Stats
  • This quiz has been taken 104 times
    58 since last reset
  • The average score is 18 of 50
Answer Stats
Country Hint Answer % Correct
Barbados Barbadian singer, actress, and one of the best-selling artists of all time Rihanna
94%
Cuba Revolutionary and politician who served as president from 1976 to 2008 Fidel Castro
91%
Jamaica Sprinter who holds world records at 100 m and 200 m Usain Bolt
91%
Jamaica Musician who is considered one of the pioneers of reggae Bob Marley
87%
Mexico Painter known for her many portraits and self-portraits Frida Kahlo
85%
Puerto Rico Singer whose famous song is Livin' la Vida Loca Ricky Martin
72%
Bahamas Actor who was the first black male actor to win the Oscar for Best Actor Sidney Poitier
70%
Mexico Actress who played in Desperado, From Dusk till Dawn and Frida Salma Hayek
62%
Mexico Director known for the movies Pan's Labyrinth and The Shape of Water Guillermo del Toro
60%
Costa Rica Football goalkeeper who played for Real Madrid and PSG Keylor Navas
57%
Mexico Guitarist who pioneered a fusion of rock 'n' roll and Latin American jazz Carlos Santana
55%
Mexico Nickname of Joaquín Guzmán, drug lord of the Sinaloa Cartel El Chapo
55%
Cuba Actor who played in The Untouchables and The Godfather Part III Andy Garcia
49%
Puerto Rico Actor who received Academy Award for his role in the movie Traffic Benicio del Toro
49%
Cuba Military officer who was overthrown during the Cuban Revolution Fulgencio Batista
49%
Cuba Singer whose most famous song is Havana Camila Cabello
47%
Cuba Singer whose famous songs are Conga and Dr Breat Gloria Estefan
45%
Puerto Rico Singer, musician and songwriter known for the song Despacito Luis Fonsi
45%
Mexico Business magnate who was ranked as the richest person in the world Carlos Slim
40%
Mexico Defensive midfielder who played in record five FIFA World Cup Rafael Marquez
40%
Mexico Painter and world-famous muralist Diego Rivera
38%
Trinidad & Tobago Singer and model. whose real name is Onika Tanya Maraj-Petty Nicki Minaj
38%
Mexico Formula One racer who was champion runner-up in 2023 Sergio Perez
36%
Haiti Rapper who achieved fame as a member of the hip hop group the Fugees Wyclef Jean
36%
Cuba Actress who portrayed the Bond girl Paloma in No Time to Die Ana de Armas
34%
Dominican Rep. Track and field athlete specializing in the 400 meter hurdles Felix Sanchez
34%
Cuba High jumper and the current world record holder Javier Sotomayor
32%
Mexico General and one of the figures of the Mexican Revolution Pancho Villa
32%
Mexico Director of movies 21 Grams, The Revenant and Birdman Alejandro Gonzalez Inarritu
30%
Guatemala Actor who portrayed Poe Dameron in Star Wars sequel trilogy Oscar Isaac
30%
Jamaica Basketball player who played most of his career for the New York Knicks Patrick Ewing
30%
Mexico Filmmaker known for his movies Gravity, Roma and Y tu mamá también Alfonso Cuaron
28%
Jamaica Sprinter who specialises in the 100 metres Asafa Powell
21%
Cuba World chess champion from 1921 to 1927 Jose Raul Capablanca
21%
Jamaica Musician who has been featured in singles with Beyoncé and Sia Sean Paul
21%
Jamaica Model and actress who played Zula in the film Conan the Destroyer Grace Jones
19%
Jamaica Female sprinter who representing Jamaica and later Slovenia Merlene Ottey
17%
Dominican Rep. Professional basketball player and five-time NBA All-Star Al Horford
15%
Mexico Actor who played Cassian Andor and Miguel Félix Gallardo Diego Luna
11%
Jamaica Reggae artist whose signature song is Here Comes the Hotstepper Ini Kamoze
11%
Mexico Professional boxer and a multiple-time world champion Julio Cesar Chavez
9%
Cuba Guitarist whose most famous composition is Chan Chan Compay Segundo
6%
Jamaica Reggae musician famous for his covers from the film Cool Runnings Jimmy Cliff
6%
Dominican Rep. Baseball right fielder who played in MLB for 19 seasons Sammy Sosa
6%
Mexico Singer often referred as the Queen of Latin Pop Thalia
6%
Barbados 18th century pirate, sometimes called "The Gentleman Pirate" Stede Bonnet
4%
Puerto Rico Musician who appeared in the movie The Mambo Kings Tito Puente
4%
St. Lucia Poet and playwright who received the 1992 Nobel Prize in Literature Derek Walcott
2%
Jamaica Singer best known for her hit 1995 single Shy Guy Diana King
2%
Nicaragua Actress and model known for her role in Never Say Never Again Barbara Carrera
0%
No matching quizzes found
Score Distribution
Percent of People with Each Score
Percentile by Number Answered
Your Score History
You have not taken this quiz since the last reset